000 00369nam a2200145Ia 4500
008 230917s9999||||xx |||||||||||||| ||und||
020 _cDM89
040 _e31458
_aMAIN
041 _aEnglish
082 _a515.353 T216P
100 _aTaylor, Michael E
245 0 _aPartial differential equations: Basic theory
260 _aNew York
_bSpringer-Verlag
942 _cBK
999 _c102941
_d102941